| 000 | 00848nas a2200265 4500 | ||
|---|---|---|---|
| 001 | BR0102382 | ||
| 003 | BR-BrBNA | ||
| 005 | 20231205103449.0 | ||
| 007 | ta | ||
| 008 | 230509b bl.|||p| |||| 00| 00por d | ||
| 040 |
_aBR-BrBNA _bpor _cBiblioteca Nacional de Agricultura |
||
| 041 | _a(Pt) | ||
| 072 | _aF04 | ||
| 100 | 1 | _aAndrade Neto, A. de A. | |
| 100 | 1 | _aMendes, A.N.G. | |
| 100 | 1 | _aGuimarães, P.T.G. | |
| 245 | 1 | _aAvaliação de substratos alternativos e tipos de adubação para produção de mudas de cafeeiro (Coffea arabica L.)em tubetes | |
| 650 | _aCAFÉ | ||
| 650 | _aMUDA | ||
| 650 | _aSUBSTRATO DE CULTURA | ||
| 650 | _aADUBAÇÃO | ||
| 773 | 0 |
_tCiência e Agrotecnologia (Brazil) _xISSN 1413-7054 _g(Apr-Jun 1999), v. 23(2) p. 270-280 _wBR0102382 |
|
| 909 |
_a202311 _bLúcia _c55 _dLúcia Elande |
||
| 942 |
_2AGRIS _n0 _cANA |
||
| 999 |
_c173000 _d173000 |
||